000 00844nam a22001937a 4500
003 AM-YeHGA
005 20250617153936.0
008 180319s xxu||||| |||| 00| 0 rus d
040 _aAM-YeHGA
041 0 _arus
100 1 _aНекрасов, Иван Степанович
245 1 0 _aО задачах изучения древнерусской литературы и народной поэзии /
_cСообщ. И.С. Некрасова.
260 _a[Санкт-Петербург] :
_bО.Л.Д.П. [О-во любителей древней письменности],
_c1892.
300 _a39 с.
440 0 _aПамятники древней письменности /
_v87
653 0 _aДревнерусская литература - История - Хрестоматии
942 _2udc
_cBK
090 _c403397
999 _c401190
_d401190